Optical devices in ophthalmology and optometry : (Record no. 81440)
[ view plain ]
| 000 -LEADER | |
|---|---|
| fixed length control field | 01999nam a2200433 i 4500 |
| 001 - CONTROL NUMBER | |
| control field | ebr10814732 |
| 003 - CONTROL NUMBER IDENTIFIER | |
| control field | CaPaEBR |
| 006 - FIXED-LENGTH DATA ELEMENTS--ADDITIONAL MATERIAL CHARACTERISTICS--GENERAL INFORMATION | |
| fixed length control field | m o d |
| 007 - PHYSICAL DESCRIPTION FIXED FIELD--GENERAL INFORMATION | |
| fixed length control field | cr cn||||||||| |
| 008 - FIXED-LENGTH DATA ELEMENTS--GENERAL INFORMATION | |
| fixed length control field | 131217s2014 njua ob 001 0 eng d |
| 020 ## - INTERNATIONAL STANDARD BOOK NUMBER | |
| Cancelled/invalid ISBN | 9783527410682 |
| International Standard Book Number | 9783527648993 (e-book) |
| International Standard Book Number | 9783527648986 (ePub) |
| International Standard Book Number | 9783527648979 (Mobi) |
| International Standard Book Number | 9783527648962 (obook) |
| 040 ## - CATALOGING SOURCE | |
| Original cataloging agency | CaPaEBR |
| Language of cataloging | eng |
| Description conventions | rda |
| -- | pn |
| Transcribing agency | CaPaEBR |
| 050 14 - LIBRARY OF CONGRESS CALL NUMBER | |
| Classification number | RE73 |
| Item number | .K373 2014eb |
| 082 04 - DEWEY DECIMAL CLASSIFICATION NUMBER | |
| Classification number | 617.70028 |
| 100 1# - MAIN ENTRY--PERSONAL NAME | |
| Personal name | Kaschke, Michael. |
| 245 10 - TITLE STATEMENT | |
| Title | Optical devices in ophthalmology and optometry : |
| Remainder of title | technology, design principles and clinical applications / |
| Statement of responsibility, etc | Michael Kaschke, Karl-Heinz Donnerhacke, and Michael Stefan Rill ; cover design, Simone Benjamin. |
| 264 #1 - PRODUCTION, PUBLICATION, DISTRIBUTION, MANUFACTURE, AND COPYRIGHT NOTICE | |
| Place of production, publication, distribution, manufacture | Weinheim, Germany : |
| Name of producer, publisher, distributor, manufacturer | Wiley-VCH, |
| Date of production, publication, distribution, manufacture, or copyright notice | 2014. |
| Date of production, publication, distribution, manufacture, or copyright notice | �2014 |
| 300 ## - PHYSICAL DESCRIPTION | |
| Extent | 1 online resource (639 pages) : |
| Other physical details | color illustrations |
| 336 ## - CONTENT TYPE | |
| Content type term | text |
| Source | rdacontent |
| 337 ## - MEDIA TYPE | |
| Media type term | computer |
| Source | rdamedia |
| 338 ## - CARRIER TYPE | |
| Carrier type term | online resource |
| Source | rdacarrier |
| 504 ## - BIBLIOGRAPHY, ETC. NOTE | |
| Bibliography, etc | Includes bibliographical references and index. |
| 588 ## - SOURCE OF DESCRIPTION NOTE | |
| Source of description note | Description based on online resource; title from PDF title page (ebrary, viewed December 17, 2013). |
| 590 ## - LOCAL NOTE (RLIN) | |
| Local note | Electronic reproduction. Palo Alto, Calif. : ebrary, 2015. Available via World Wide Web. Access may be limited to ebrary affiliated libraries. |
| 650 #0 - SUBJECT ADDED ENTRY--TOPICAL TERM | |
| Topical term or geographic name as entry element | Ophthalmology |
| General subdivision | Equipment and supplies. |
| Topical term or geographic name as entry element | Optometry |
| General subdivision | Equipment and supplies. |
| 655 #0 - INDEX TERM--GENRE/FORM | |
| Genre/form data or focus term | Electronic books. |
| 700 1# - ADDED ENTRY--PERSONAL NAME | |
| Personal name | Donnerhacke, Karl-Heinz. |
| Personal name | Rill, Michael Stefan. |
| Personal name | Benjamin, Simone. |
| 776 08 - ADDITIONAL PHYSICAL FORM ENTRY | |
| Display text | Print version: |
| Main entry heading | Kaschke, Michael. |
| Title | Optical devices in ophthalmology and optometry : technology, design principles and clinical applications. |
| Place, publisher, and date of publication | Weinheim, Germany : Wiley-VCH, c2014 |
| Physical description | xviii, 619 pages |
| International Standard Book Number | 9783527410682 |
| 797 2# - LOCAL ADDED ENTRY--CORPORATE NAME (RLIN) | |
| Corporate name or jurisdiction name as entry element | ebrary. |
| 856 40 - ELECTRONIC LOCATION AND ACCESS | |
| Uniform Resource Identifier | <a href="http://site.ebrary.com/lib/rucke/Doc?id=10814732">http://site.ebrary.com/lib/rucke/Doc?id=10814732</a> |
| Public note | An electronic book accessible through the World Wide Web; click to view |
No items available.
